Ecology and the environment / (Record no. 37249)
[ view plain ]
| 000 -LEADER | |
|---|---|
| fixed length control field | 00648nam a22002297a 4500 |
| 001 - CONTROL NUMBER | |
| control field | 37249 |
| 003 - CONTROL NUMBER IDENTIFIER | |
| rucl marc code | BD-RjUL |
| 005 - DATE AND TIME OF LATEST TRANSACTION | |
| control field | 20211209052607.0 |
| 008 - FIXED-LENGTH DATA ELEMENTS--GENERAL INFORMATION | |
| fixed length control field | 141117s1993 ii ||||| |||| 00| 0 eng d |
| 020 ## - INTERNATIONAL STANDARD BOOK NUMBER | |
| International Standard Book Number | 8170245249 |
| 035 ## - SYSTEM CONTROL NUMBER | |
| System control number | (BD-RjUL) |
| 040 ## - CATALOGING SOURCE | |
| Original cataloging agency | BD-RjUL |
| Language of cataloging | eng |
| Transcribing agency | BD-RjUL |
| 041 ## - LANGUAGE CODE | |
| Language code of text/sound track or separate title | eng |
| 082 ## - DEWEY DECIMAL CLASSIFICATION NUMBER | |
| Classification number | 333.9516 |
| 245 ## - TITLE STATEMENT | |
| Title | Ecology and the environment / |
| Statement of responsibility, etc. | edited by A.K. Tripathi. |
| Number of part/section of a work | Volume IV |
| 260 ## - PUBLICATION, DISTRIBUTION, ETC. (IMPRINT) | |
| Place of publication, distribution, etc. | New Delhi : |
| Name of publisher, distributor, etc. | Ashish Pub. House, |
| Date of publication, distribution, etc. | 1993. |
| 300 ## - PHYSICAL DESCRIPTION | |
| Pagination | viii, 314 p. : |
| Illustrations | ill. ; 23 cm. |
| Size | 23 cm |
| 490 ## - SERIES STATEMENT | |
| Series statement | Protect global earth series. |
| 650 ## - SUBJECT ADDED ENTRY--TOPICAL TERM | |
| Topical term or geographic name as entry element | Ecology. |
| 9 (RLIN) | 114104 |
| 700 ## - ADDED ENTRY--PERSONAL NAME | |
| Personal name | Tripathi, A.K. |
| 942 ## - ADDED ENTRY ELEMENTS (KOHA) | |
| Source of classification or shelving scheme | Dewey Decimal Classification |
| Koha item type | Books |
| Lost status | Source of classification or shelving scheme | Damaged status | Not for loan | Permanent Location | Current Location | Shelving location | Date acquired | Total Checkouts | Full call number | Date last seen | Copy number | Koha item type |
|---|---|---|---|---|---|---|---|---|---|---|---|---|
| Dewey Decimal Classification | Not For Loan | Institute of Biological Sciences (IBSc) Library | Institute of Biological Sciences (IBSc) Library | 17/11/2014 | 333.9516 ECO 1993 | 17/11/2014 | C-1 | Books |